Statistics for European Countries in Italian

Click here to take the quiz!

General Stats

  • This quiz has been taken 864 times
  • The average score is 25 of 27

Answer Stats

Italian NameEnglish Name% Correct
CroaziaCroatia
99%
FinlandiaFinland
99%
FranciaFrance
99%
GermaniaGermany
99%
GreciaGreece
99%
BelgioBelgium
98%
DanimarcaDenmark
98%
IrlandaIreland
98%
ItaliaItaly
98%
LussemburgoLuxembourg
97%
BielorussiaBelarus
96%
NorvegiaNorway
96%
SpagnaSpain
96%
Repubblica CecaCzech Republic
95%
IslandaIceland
95%
LituaniaLithuania
95%
PoloniaPoland
95%
PortogalloPortugal
95%
SlovacchiaSlovakia
95%
Citta del VaticanoVatican City
95%
SvizzeraSwitzerland
94%
UcraniaUkraine
94%
UngheriaHungary
91%
SveziaSweden
89%
LettoniaLatvia
86%
Regno UnitoUnited Kingdom
86%
Paesi BassiNetherlands
70%

Score Distribution

Percentile by Number Answered

Percent of People with Each Score

Your Score History

You have not taken this quiz